Online
Catalog

La vid en el occidente del principado de Asturias : (Record no. 5188)

MARC details
000 -CABECERA
campo de control de longitud fija 01481nam a2200253 a 4500
001 - NÚMERO DE CONTROL
campo de control 000005388
005 - FECHA Y HORA DE LA ÚLTIMA TRANSACCIÓN
campo de control 20240305091016.0
008 - DATOS DE LONGITUD FIJA--INFORMACIÓN GENERAL
campo de control de longitud fija 090819s1999 sp ac r 001 0 spa d
020 ## - NÚMERO INTERNACIONAL ESTÁNDAR DEL LIBRO
Número Internacional Estándar del Libro 8400078136
040 ## - FUENTE DE LA CATALOGACIÓN
Centro catalogador/agencia de origen DO-SdBNP
Lengua de catalogación spa
Centro/agencia transcriptor BNPHU
082 ## - NÚMERO DE LA CLASIFICACIÓN DECIMAL DEWEY
Número de clasificación 634.8346
Número de documento/Ítem M385v
100 1# - ENTRADA PRINCIPAL--NOMBRE DE PERSONA
Nombre de persona Martínez Rodríguez, Ma. del Carmen,
Forma completa/desarrollada del nombre (María del Carmen)
9 (RLIN) 67779
245 13 - MENCIÓN DE TÍTULO
Título La vid en el occidente del principado de Asturias :
Resto del título descripción ampelográfica de las variedades /
Mención de responsabilidad, etc. M. del Carmen Martínez Rodríguez, José Enrique Pérez Fernández, con la colaboración de Dolores Loureiro Rodríguez ; prefacio Jean-Michel Boursquot.
260 ## - PUBLICACIÓN, DISTRIBUCIÓN, ETC.
Lugar de publicación, distribución, etc. Madrid :
Nombre del editor, distribuidor, etc. Consejo Superior de Investigaciones Científicas,
Fecha de publicación, distribución, etc. 1999.
300 ## - DESCRIPCIÓN FÍSICA
Extensión 101 p. :
Otras características físicas il., retrs.
Extensión 28 cm.
504 ## - NOTA DE BIBLIOGRAFÍA, ETC.
Nota de bibliografía, etc. Bibliografía : p. 99-101.
505 0# - NOTA DE CONTENIDO CON FORMATO
Información miscelánea Préface /
Mención de responsabilidad Jean-Michel Boursquot --
Título Localización geográfica y descripción de la zona --
-- Antecedentes históricos --
-- Situación actual --
-- Perspectivas de futuro --
-- La ampelografía, origen y desarrollo --
-- Descripción ampelográfica de las variedades --
-- Variedades blancas --
-- Variedades tintas --
-- Variedades rosadas o rojas --
-- Referencias bibliográficas.
650 #4 - PUNTO DE ACCESO ADICIONAL DE MATERIA--TÉRMINO DE MATERIA
Término de materia o nombre geográfico como elemento de entrada Viticultura
Subdivisión geográfica España
9 (RLIN) 15294
650 #4 - PUNTO DE ACCESO ADICIONAL DE MATERIA--TÉRMINO DE MATERIA
Término de materia o nombre geográfico como elemento de entrada Uvas para vino
Subdivisión general Variedades
9 (RLIN) 15295
700 1# - PUNTO DE ACCESO ADICIONAL--NOMBRE DE PERSONA
Nombre de persona Pérez Fernández, José Enrique
9 (RLIN) 15296
700 1# - PUNTO DE ACCESO ADICIONAL--NOMBRE DE PERSONA
Nombre de persona Loureiro Rodríguez, Dolores,
Término indicativo de función/relación col.
9 (RLIN) 15297
700 1# - PUNTO DE ACCESO ADICIONAL--NOMBRE DE PERSONA
Nombre de persona Boursquot, Jean-Michel,
Término indicativo de función/relación pról.
9 (RLIN) 15298
910 ## - DATOS DE OPCIÓN DEL USUARIO (OCLC)
Datos de opción del usuario Validado. Control de calidad. EMS
Holdings
Estado de retiro Estado de pérdida Restricciones de uso No para préstamo Código de colección Localización permanente Ubicación/localización actual Ubicación en estantería Fecha de adquisición Número de inventario Total de préstamos Signatura topográfica completa Código de barras Fecha visto por última vez Precio válido a partir de Tipo de ítem Koha
      Excluido de préstamo Monografías: Libros y Folletos General General Depósito 19.08.2009 LF1   634.8346 M385v 5388-10 25.06.2020 25.06.2020 No se presta

Powered by Koha